000 01924nam0a22003851 4500
001 v19\rc\1843622
005 20260405231623.0
035 _a(NLR Aleph) 004936689
090 _a5737110
_c5737110
100 _a20251123 rusy50
101 0 _arus
102 _aRU
105 _ay z |||||
200 1 _aК характеристике низового рыболовства на р. Енисее
_f[А. Тугаринов]
210 _aСанкт-Петербург
_cтипография М.П. Фроловой
_d[1908]
215 _a25 с.
_d23
300 _aАвт. указан в конце текста
309 _aБез тит. л. и обл.
311 _a[Отт. из "Вестн. рыбопром-сти". 1908, № 10]
320 _aБиблиогр. в подстроч. примеч.
488 0 _12001#$aВестник рыбопромышленности$v1908, № 10
_171002$3RU\NLR\AUTH\880359203$a"Вестник рыбопромышленности", журнал$c1886-1911; Санкт-Петербург
_tВестник рыбопромышленности
_a"Вестник рыбопромышленности", журнал (1886-1911; Санкт-Петербург)
532 1 2 _aК характеристике низового рыболовства на реке Енисее
606 _aРыболовство
_yЕнисей, река (Сибирь)
_92168209
_3RU\NLR\AUTH\6601541136
617 _aРоссия
_mСибирь
_mЕнисей, река
686 _aП722.43(2Р54)
700 1 _8rus
_7ca
_aТугаринов
_bА. Я.
_f1880-1948
_gАркадий Яковлевич
_3RU\NLR\AUTH\77105515
_988440
801 0 _aRU
_bNLR
_gpsbo
801 0 _aRU
_bRuMoRGB
_2psbo
801 1 _aRU
_bProSoft-M
_2rusmarc
801 2 _aRU
_bNLR
_c20131218
_2rusmarc
852 _aNLR
_j18.69.1.138
899 _aRuMoRGB
_jF 109/660
899 _aБАН
942 _cBOOK
980 _aNB